000 00603nam a2200181Ia 4500
008 090124s9999 xx 000 0 und d
082 _b115267
100 _aभावे पु. भा. (पुरुषोत्तम भास्कर)
245 _a फुलवा
250 _a1
260 _c1960
300 _a111
600 _aभावे पु. भा. (पुरुषोत्तम भास्कर)
630 _a फुलवा
700 _aभावे पु. भा. (पुरुषोत्तम भास्कर)
730 _a फुलवा
942 _cBOOK
999 _c161358
_d161358